Pays qui mangent le plus de poisson par habitant - Statistiques

Statistiques générales
  • Ce quiz a été pris 49 fois
  • Le résultat moyen est 3 sur 7
Statistiques - réponses
Hint Réponse % Correct
68 kg Japon
96%
53 kg Norvège
67%
59 kg Corée du sud
62%
91 kg Islande
53%
57 kg Portugal
40%
166 kg Maldives
22%
48 kg Myanmar
7%
Aucun quiz correspondant
Distribution des résultats
% des personnes avec chaque résultat
Percentile par nombre de réponses
Votre historique - résultats
Vous n’avez pas pris ce quiz